MARC

LEADER 00000nam0a2200000 4500
001 33772
005 20231030220319.0
035 |a (RuTPU)RU\TPU\book\34142 
035 |a BOOK00000793 
090 |a 33772 
100 |a 20011210d1987 u y0rusy50 ca 
101 0 |a rus 
102 |a UA 
105 |a  000|y 
200 1 |a Эффективные режимы работы электротехнологических установок  |f И. В. Жежеленко, В. М. Божко, Г. Я. Вагин, М. Л. Рабинович 
210 |a Киев  |c Техника  |d 1987 
215 |a 182 с. 
610 1 |a промышленные установки 
610 1 |a электротехнология 
610 1 |a режимы работы 
675 |a 621.31.004  |v 3 
701 1 |a Жежеленко  |g Игорь Владимирович 
701 1 |a Божко  |b В. М 
701 1 |a Вагин  |b М. Л 
701 1 |a Рабинович  |b М. Л 
801 0 |a UA  |b 63413507  |c 20011210  |g PSBO 
801 2 |a RU  |b 63413507  |c 20130124  |g RCR 
900 |a Электротехнологические промышленные установки 
942 |c BK